Library of the University of Algiers 3
Ibrahim Sultan Cheibout
شعار جامعة الجزائر 3
مكتبة جامعة الجزائر 3
إبراهيم سلطان شيبوط

القانون الدولي الخاص / (رقم التسجيلة. 45993)

تفاصيل مارك
000 -LEADER
fixed length control field 01593nam a2200229Ia 4500
003 - CONTROL NUMBER IDENTIFIER
control field Ost
005 - DATE AND TIME OF LATEST TRANSACTION
control field 20260507075727.0
008 - FIXED-LENGTH DATA ELEMENTS--GENERAL INFORMATION
fixed length control field 260507s9999||||xx |||||||||||||| ||und||
020 ## - INTERNATIONAL STANDARD BOOK NUMBER
International Standard Book Number 4675841977
040 ## - CATALOGING SOURCE
Transcribing agency fsecg
041 ## - LANGUAGE CODE
Language code of text/sound track or separate title ara
082 ## - DEWEY DECIMAL CLASSIFICATION NUMBER
Classification number 341.8
100 ## - MAIN ENTRY--PERSONAL NAME
Personal name الفتلاوي، سهيل حسين
Relator term مؤلف
245 #0 - TITLE STATEMENT
Title القانون الدولي الخاص /
Statement of responsibility, etc. سهيل حسين الفتلاوي
260 ## - PUBLICATION, DISTRIBUTION, ETC.
Place of publication, distribution, etc. القاهرة:
Name of publisher, distributor, etc. المكتب المصري لتوزيع المطبوعات,
Date of publication, distribution, etc. 2002
300 ## - PHYSICAL DESCRIPTION
Extent 376 صفحة؛
504 ## - BIBLIOGRAPHY, ETC. NOTE
Bibliography, etc. note بيبليوغرافيا :ص. 361
520 ## - SUMMARY, ETC.
Summary, etc. بالنظــــــر إلي أن القانون الدولي الخاص ينظم موضوعات قانونية متعددة ، وهي الجنسية والموطن والمركز القانوني للأجانب وتنازع الاختصاص القضائي و تنازع القوانين ، فقد اختلف الفقهاء في وضع تعريف جامع مانع للقانون الدولي الخاصتناول هذا الكتاب الفصل ألأول : المبادىء العامة للقانون الدولي الخاص الفصل الثاني : الجنسية الفصل الثالث : المــــــــواطن الفصل الرابع : مركز الأجانب الفصل خامس : تنازع القوانين الفصل السادس : الاختاص القضاء الدولي الفصل السابع : تنفيذ الأحكام و القرارات الأجنبية
653 ## - INDEX TERM--UNCONTROLLED
Uncontrolled term الجنسية
653 ## - INDEX TERM--UNCONTROLLED
Uncontrolled term قانون الدولي الخاص
942 ## - ADDED ENTRY ELEMENTS (KOHA)
Koha item type كتب
المقتنيات
Withdrawn status Lost status Source of classification or shelving scheme Damaged status Not for loan Home library Current library Date acquired Serial enumeration / chronology Inventory number Total checkouts Full call number Barcode Date last seen Price effective from Koha item type
    Library of Congress Classification   NOT LOAN / إعارة داخلية مكتبة كلية العلوم الإقتصادية والعلوم التجارية وعلوم التسيير مكتبة كلية العلوم الإقتصادية والعلوم التجارية وعلوم التسيير 07/05/2026 الطابق الأرضي 1133/1   أ/1133ن1 1133/1 07/05/2026 07/05/2026 كتب
    Dewey Decimal Classification   Available مكتبة كلية العلوم الإقتصادية والعلوم التجارية وعلوم التسيير مكتبة كلية العلوم الإقتصادية والعلوم التجارية وعلوم التسيير 07/05/2026 الطابق الثاني 1133/2   أ/1133ن2 1133/2 07/05/2026 07/05/2026 كتب

موارد الويب المفتوحة


© University of Algiers 3 All Rights Reserved
|
Implemented by LECHELAH Riad